000 00675nam a2200253Ia 4500
003 OSt
005 20221005132418.0
006 a|||||r|||| 00| 0
007 ta
008 221004b |||||||| |||| 00| 0 eng d
024 _a69209
037 _cTextual
040 _aCRL
_cCRL
_beng
041 _2eng
_aeng
082 _aY:351.498, M1
100 _aHyde - Chambers Fredrick
_9641088
245 0 _aTibetan folk tales
260 _c1981
300 _a186p.
_ccm.
650 _aSOCIOLOGY
700 _a Hyde -Chambers Audrey
_9641089
942 _hY:351.498, M1
_cTEXL
_2cc
999 _c1063558
_d1063558